000 00642cam a2200205 4500
001 D6213
008 090401t1975 xxu||||| |||| 00| 0 eng d
035 _a(Sirsi) u91111
041 _aeng
050 _a692.80212
110 _aJoint Contracts Tribunal
_93664
245 _aStandard form of building contract: fluctuation formulae examples, dated May, 1975 [Adjustment of the contract sum by means of formulae. (J.C.T. Practice note 18)]
260 _aLondon
_bRIBA Publications
_c1975
300 _a80p. 30cm
350 _a0
490 _aJCT Practice Note
_v18
520 _aFiled at JCT 1975/5A
942 _n0
948 _c04/03/1997
999 _c97609
_d97609